Linear algebra : algorithms, applications, and techniques
Αποθηκεύτηκε σε:
| Κύριος συγγραφέας: | |
|---|---|
| Άλλοι συγγραφείς: | , |
| Μορφή: | Βιβλίο |
| Γλώσσα: | English |
| Δημοσίευση: |
Amsterdam ; Boston :
Elsevier/Academic Press,
2014.
|
| Έκδοση: | 3rd ed. |
| Θέματα: | |
| Ετικέτες: |
Προσθήκη ετικέτας
Δεν υπάρχουν, Καταχωρήστε ετικέτα πρώτοι!
|
MARC
| LEADER | 00000cam a2200000 a 4500 | ||
|---|---|---|---|
| 001 | 1/123455 | ||
| 008 | 210907s2014####ne ||||||| |||| ||eng|| | ||
| 020 | |a 9780123914200 | ||
| 040 | |a GR-MyUa |b gre |c GR-MyUa |e AACR2 | ||
| 041 | 0 | |a eng | |
| 082 | 7 | |a 512.5 |2 (23) | |
| 100 | 1 | |a Bronson, Richard. | |
| 245 | 1 | 0 | |a Linear algebra : |b algorithms, applications, and techniques / |c Richard Bronson, Gabriel B. Costa, John T. Saccoman. |
| 250 | |a 3rd ed. | ||
| 260 | |a Amsterdam ; |a Boston : |b Elsevier/Academic Press, |c 2014. | ||
| 300 | |a xi, 519 σ. ; |c 24 εκ. | ||
| 650 | 0 | |a Algebras, Linear. | |
| 700 | 1 | |a Costa, Gabriel B. | |
| 700 | 1 | |a Saccoman, John T., |d 1964- | |
| 852 | |a INST |b LESVOS |e 20210907 |h 512.5 BRO |p 005100063138 |q 005100063138 |t BK |y 0 | ||
| 970 | |a Δημάκη |b Μαρία |z 07-09-2021 | ||